000 00635nam a2200253Ia 4500
003 OSt
005 20221007074609.0
006 a|||||r|||| 00| 0
007 ta
008 221006b |||||||| |||| 00| 0 eng d
024 _a32,640
037 _cTextual
040 _aFLL
_cFLL
_beng
041 _2eng
_aeng
082 _aZ2,94, P9.3
100 _aRao Kesava
_9692938
245 0 _aLaw of evidence
250 _a18th
260 _aNagpur
_bLexisNexis Wadhwa India
_c2009
300 _acciv,3442-5134p
_ccm.
490 _vVol.3
942 _hZ2,94, P9.3
_cTEXL
_2CC
999 _c1152998
_d1152998